[Event "Wroclaw Anderssen Memorial op-C"]
[Site "Wroclaw"]
[Date "2023.??.??"]
[Round "6"]
[White "Kostka, Eryk"]
[Black "Belocky, Daniel"]
[Result "1-0"]
[WhiteElo "1097"]
[BlackElo "1260"]
[PlyCount "79"]
[EventDate "2023.08.06"]
[EventType "swiss"]
[EventRounds "9"]
[EventCountry "POL"]
[SourceTitle "EXT 2024"]
[Source "ChessBase"]
[SourceDate "2023.10.10"]
[SourceVersion "1"]
[SourceVersionDate "2023.10.10"]
[SourceQuality "1"]

1. e4 e6 2. d3 d5 3. Nd2 c5 4. Ngf3 Nc6 5. g3 Nf6 6. Bg2 Be7 7. 0-0 0-0 8. e5 Nd7 9. Re1 Qc7 10. Qe2 Re8 11. Nf1 b6 12. Bf4 Nf8 13. h4 Ng6 14. Bd2 h6 15. h5 Nf8 16. N1h2 Nh7 17. Bf4 Ba6 18. c3 b5 19. Ng4 Bg5 20. Nxg5 hxg5 21. Bd2 Qe7 22. h6 g6 23. Qf3 Nb8 24. Nf6+ Nxf6 25. exf6 Qd6 26. h7+ Kxh7 27. Bxg5 Rh8 28. g4 Kg8 29. Bf4 Qc6 30. Re3 Kf8 31. Qg3 Nd7 32. Bd6+ Ke8 33. g5 Kd8 34. b4 cxb4 35. cxb4 Qc3 36. Ree1 Qd4 37. Be7+ Ke8 38. Bc5 Nxc5 39. Qd6 Qxb4 40. Qe7# 1-0

[Event "Wroclaw Anderssen Memorial op-C"]
[Site "Wroclaw"]
[Date "2023.??.??"]
[Round "4"]
[White "Kostka, Eryk"]
[Black "Sypek, Mateusz"]
[Result "1/2-1/2"]
[WhiteElo "1097"]
[BlackElo "1260"]
[PlyCount "46"]
[EventDate "2023.08.06"]
[EventType "swiss"]
[EventRounds "9"]
[EventCountry "POL"]
[SourceTitle "EXT 2024"]
[Source "ChessBase"]
[SourceDate "2023.10.10"]
[SourceVersion "1"]
[SourceVersionDate "2023.10.10"]
[SourceQuality "1"]

1. e4 c5 2. Nf3 Nc6 3. d4 cxd4 4. Nxd4 d6 5. Nc3 Nf6 6. Bc4 e5 7. Nde2 Be7 8. Bb3 0-0 9. 0-0 Be6 10. Bg5 Na5 11. Bxf6 Bxf6 12. Nd5 Nxb3 13. axb3 Bg5 14. Qd3 f5 15. f3 fxe4 16. fxe4 Rxf1+ 17. Rxf1 Rc8 18. Nec3 a6 19. b4 b5 20. Ra1 Rc6 21. Nd1 Qf8 22. N1e3 Qc8 23. c3 Qd8 1/2-1/2

[Event "Wroclaw Anderssen Memorial op-C"]
[Site "Wroclaw"]
[Date "2023.??.??"]
[Round "9"]
[White "Krawiec, Adam"]
[Black "Kostka, Eryk"]
[Result "1/2-1/2"]
[WhiteElo "1396"]
[BlackElo "1097"]
[PlyCount "30"]
[EventDate "2023.08.06"]
[EventType "swiss"]
[EventRounds "9"]
[EventCountry "POL"]
[SourceTitle "EXT 2024"]
[Source "ChessBase"]
[SourceDate "2023.10.10"]
[SourceVersion "1"]
[SourceVersionDate "2023.10.10"]
[SourceQuality "1"]

1. e4 Nf6 2. e5 Nd5 3. d4 d6 4. c4 Nb6 5. f4 dxe5 6. fxe5 Nc6 7. Nf3 Bf5 8. Be3 e6 9. Bd3 Bb4+ 10. Nc3 Bxd3 11. Qxd3 0-0 12. 0-0 Ne7 13. a3 Bxc3 14. Qxc3 Nf5 15. b3 a5 1/2-1/2